000 02314cam a22005294i 4500
003 PE-LiUPU
005 20250731172859.0
008 170103s2016 xxua rb 001 0 eng d
020 _a1628371358
020 _a9781628371352
035 _a(Sirsi) a165820
040 _aPE-LiUPU
_bspa
_cPE-LiUPU
_erda
049 _aPRUA
082 0 4 _a220.8306768
_bH76
_223
100 1 _aHornsby, Teresa J.,
_d1959- ,
_eautor.
245 1 0 _aTransgender, intersex and Biblical Interpretation /
_cby Teresa J. Hornsby and Deryn Guest.
264 1 _aAtlanta :
_bSBL Press,
_c[2016]
300 _a viii, 123 páginas
_bilustraciones ;
_c24 centimetros.
336 _atext
_2rdacontent
337 _aunmediated
_2rdamedia
338 _avolume
_2rdacarrier
490 0 _aSemeia studies ;
_vnumber 83
504 _aBibliografía : páginas 105-116.
504 _aÍndices: páginas 117-123.
505 0 _tIntroduction: the body as decoy -- Teresa J. Hornsby -- Gender dualism, or the big lie -- Teresa J. Hornsby -- Troubling the waters : tehom : transgender, and reading Genesis backwards -- Deryn Guest --
_tModeling the transgender gaze: performances of masculinities in 2 Kings 9-10 -- Deryn Guest --
_tThe dance of gender: David, Jesus, and Paul -- Teresa J. Hornsby -- Slender man and the new horrors of the apocalypse -- Teresa J. Hornsby.
526 _aSEG42
526 _aSEG41
526 _aSEG40
526 _aSEG39
526 _aP94
526 _aP87
526 _aP86
526 _aP85
526 _aP77
526 _aP76
526 _aP35
650 0 4 _aIdentidad de género en la Biblia.
650 0 4 _aPersonas transgénero.
_xLa enseñanza bíblica.
650 0 4 _aTeología extraña.
700 1 _a Guest, Deryn,
_eautor.
910 _ajck
_bjvq
_cjck
_d20160103.
942 _2ddc
_cBOOK
949 _a220.8306768 H76
_wDEWEY
_c1
_i75487
_lCATALOGING
_mBUL
_p29.00
_r0
_sY
_tBOOK
_u2016-02-03
_xTEOLOGIA
_zPOSGRADO TEOLOGÍA
_0COMPRA
_o.CIRCNOTE. El documento es de alto precio.
_o.STAFF. Colección Teología
596 _a1
999 _a220.8306768 H76
_wDEWEY
_c14569
_i75487
_f2021-11-9
_g5
_lCCODEBUL1
_mBUL
_p29.00
_r0
_sY
_tBOOK
_u2017-1-3
_xTEOLOGIA
_PP85
_0COMPRA
_o.STAFF. Colección Teología
_d14569
980 _81
_gALBERTO SANCHEZ Responsable de Automatización